Thị tứ làng xã /

Xã hội nông thôn VN và quá trình phát triển kiến trúc làng xã. Cơ sở khoa học của sự hình thành trung tâm - thị tứ làng xã (vùng đồng bằng Bắc Bộ). Thị tứ làng xã - mô hình trung tâm làng xã.

Spremljeno u:
Bibliografski detalji
Glavni autor: Đặng Đức Quang.
Format: Knjiga
Jezik:Vietnamese
Izdano: Hà Nội : Xây dựng, 2000.
Teme:
Oznake: Dodaj oznaku
Bez oznaka, Budi prvi tko označuje ovaj zapis!
Thư viện lưu trữ: Mạng thư viện Đại học Đà Nẵng
LEADER 01119cam a2200361 i 4500
001 000046942
003 6456
005 20030923094147.0
008 010306b2000 vm 000 vie
020 |c 35000 
022 |a T 
040 |a IRC  |c IRC  |d IRC 
041 0 |a vie 
082 1 4 |a 711.43  |b ĐĂ-Q 
100 1 |a Đặng Đức Quang. 
245 0 0 |a Thị tứ làng xã /  |c Đặng Đức Quang. 
260 |a Hà Nội :  |b Xây dựng,  |c 2000. 
300 |a 226tr. ;  |c 27cm. 
520 3 |a Xã hội nông thôn VN và quá trình phát triển kiến trúc làng xã. Cơ sở khoa học của sự hình thành trung tâm - thị tứ làng xã (vùng đồng bằng Bắc Bộ). Thị tứ làng xã - mô hình trung tâm làng xã. 
630 0 4 |a Xây dựng. 
630 0 4 |a Làng xã. 
630 0 4 |a Kiến trúc nông thôn. 
650 0 4 |a Kiến trúc nông thôn. 
OWN |a DUT 
999 |a From the UDN01 
TYP |a Monograph 
TYP |a Printed language 
980 |a Mạng thư viện Đại học Đà Nẵng